| 000 | 00579nam a2200193 a 4500 | ||
|---|---|---|---|
| 005 | 20250703063904.0 | ||
| 008 | 991125s1953 mx 000 0 spa u | ||
| 035 | _aUPN01000012751 | ||
| 049 | _aLT | ||
| 050 | 4 |
_aLB1633 M6 _bS3.2 1953 |
|
| 100 | 1 |
_aSalinas, Miguel, _d1858-1938 _929898 |
|
| 245 | 1 | 0 |
_aCuentos, leyendas y poemas : _bescogidos y anotados / _cMiguel Salinas. |
| 260 |
_aMéxico : _b[s.n.], _c1953. |
||
| 300 | _a231 p. | ||
| 650 | 2 |
_aCanciones _95589 |
|
| 650 | 2 |
_aLeyendas _98252 |
|
| 650 | 4 |
_aLiteratura _xEstudio y enseñanza (Secundaria) _96686 |
|
| 905 | _aLibro | ||
| 999 |
_c12751 _d12751 |
||